| 000 | 01118nam a22002897a 4500 | ||
|---|---|---|---|
| 005 | 20111004122935.0 | ||
| 008 | 111004t xxu||||| |||| 00| 0 eng d | ||
| 010 | _aENG-103867 | ||
| 020 |
_a9788125044529 _c595.00 |
||
| 035 | _aEN-87400 | ||
| 037 | _bDBAD/PUB | ||
| 040 |
_aDPL _bEng |
||
| 082 | _a891.4 | ||
| 100 |
_935214 _aJani, Pranav |
||
| 245 | 0 | 0 |
_aDecentering Rushdie : _bcosmopolitanism and the indian novel in English / _cby Pranav Jani |
| 260 |
_aNew Delhi _bOrient Blackswan _c2011 |
||
| 270 |
_a1/24, Asaf Ali Road _bNew Delhi _e110002 |
||
| 300 |
_axi,275p. _c24cm (Hb) |
||
| 500 | _aIncludes bibliographical references and index | ||
| 600 | _935206 | ||
| 650 | _935208 | ||
| 700 | _935211 | ||
| 830 | _935213 | ||
| 942 |
_2ddc _cEN _mJAN _h891.4 |
||
| 999 |
_c57276 _d57276 |
||